| 000 | 00484 a2200157 4500 | ||
|---|---|---|---|
| 999 |
_c2199 _d2199 |
||
| 020 | _a1779001207 | ||
| 050 | _aLB 1027.47 GWA 2002 | ||
| 100 |
_aGwarinda, Takawira C. _eAuthor |
||
| 245 |
_aThe practice of teaching / _cTakawira C. Gwarinda |
||
| 264 |
_aHarare, Zimbabwe: _bThe College Press Publishers (PVT) LTD, _c2002 |
||
| 300 |
_a174p. _bill. |
||
| 500 | _aIncludes glossary and index | ||
| 650 | _aEducation | ||
| 650 | _aEducation--teaching | ||
| 942 |
_2lcc _cBK _h1027.47 _iGWA _kLB |
||